000 00616nam a2200181 a 4500
005 20240924071320.0
008 991125s1975 mx 000 0 spa u
035 _aUPN01000004794
049 _aCG
050 4 _aPQ7167
_bM6.3
100 1 _aMonterde, Francisco,
_d1894-1985
_929349
245 1 0 _aAspectos literarios de la cultura mexicana :
_bpoetas y prosistas del siglo XVI a nuestros días /
_cFrancisco Monterde.
260 _aMéxico :
_bSeminario de Cultura Mexicana,
_c1975.
300 _a205 p.
650 4 _aLiteratura mexicana
_xHistoria y crítica
_97863
650 2 _aPoetas mexicanos
_91325
905 _aLibro
999 _c4794
_d4794